Pop Culture Doctors Quiz Stats

 Plays Quiz Updated Aug 19, 2015

Also try: Famous Doctors
Challenge
Share
Tweet
Embed
Score 0/50 Timer 10:00
0 Plays Today
Hint Doctor % Correct
West coast rapperDr. Dre
85.5%
Uniquely flavored soft drinkDr. Pepper
82%
Austin Powers nemesis/brotherDr. Evil
76.2%
Physician that talks to animalsDoctor John Dolittle
75%
Mr. Hyde's alter-egoDr. Henry Jekyll
74.8%
Sherlock Holmes companionDr. John Watson
72.5%
Rhyming children's authorDr. Seuss
71%
Notable James Bond villainDr. No
68.5%
Mary Shelley's mad scientistDr. Victor Frankenstein
68.2%
'Silence of the Lambs' cannibalDr. Hannibal Lecter
67.2%
Oprah sponsored psychologistDr. Phil McGraw
64.2%
Spider-Man nemesisDoctor Octopus
63%
British sci-fi showDoctor Who
59.8%
Fantastic Four nemesisDoctor Doom
55.2%
Wild west medicine womanDr. Michaela Quinn
53.9%
'Cheers' psychiatristDr. Frasier Crane
50.3%
Popular podiatry productsDr. Scholl's
47%
Invented DeLorean time machineDr. Emmett Brown
43.2%
Classic Nintendo pill puzzlerDr. Mario
42%
1964 Kubrick black comedyDr. Strangelove
40.4%
Famous pediatricianDr. Benjamin Spock
40.2%
1965 drama based on Russian novelDoctor Zhivago
39.2%
Female sex therapistDr. Ruth Westheimer
37.9%
'Futurama' staff physicianDr. John Zoidberg
33.3%
Bones from 'Star Trek'Dr. Leonard McCoy
32.9%
Hint Doctor % Correct
H.G. Wells' island dwelling hybrid creatorDoctor Moreau
31.4%
God-like 'Watchmen' heroDoctor Manhattan
31%
Inspector Gadget nemesisDr. Claw
30.9%
Mötley Crüe albumDr. Feelgood
29.6%
Springfield's competent physicianDr. Julius Hibbert
29.6%
1991 Michael J. Fox comedyDoc Hollywood
28.5%
Sonic the Hedgehog nemesisDr. Ivo 'Eggman' Robotnik
28.1%
Wild west gunfighter/dentistDoc Holliday
27%
Male sex therapistDr. Drew Pinsky
19.7%
'Star Trek: TNG' chief medical officerDr. Beverly Crusher
18.8%
'The Fugitive' protagonistDr. Richard Kimble
18.7%
Founder of Muppet LabsDr. Bunsen Honeydew
18.1%
'Rocky Horror' villainDr. Frank N. Furter
17.6%
Muppet band leaderDr. Teeth
16.2%
'Lost in Space' coward/scientistDr. Zachary Smith
14.6%
Novelty music DJDr. Demento
12.8%
'Planet of the Apes' science ministerDr. Zaius
12%
'Half-Life' protagonistDr. Gordon Freeman
11.3%
Mega Man's nemesisDr. Albert Wily
9.9%
1983 Dan Aykroyd bombDoctor Detroit
9.8%
'Aqua Teen Hunger Force' mad scientistDr. Weird
5.6%
H.P. Lovecraft's 'Re-Animator'Dr. Herbert West
4.6%
1992 black comedy/slasher filmDr. Giggles
4.1%
'Nightmare Before Christmas' mad scientistDr. Finkelstein
3%
'Mystery Science Theater 3000' villainDr. Clayton Forrester
2.9%

You're not logged in!

Compare scores with friends on all Sporcle quizzes.
OR
Log In

You Might Also Like...

Show Comments

Extras

Top Quizzes Today


Score Distribution

Your Account Isn't Verified!

In order to create a playlist on Sporcle, you need to verify the email address you used during registration. Go to your Sporcle Settings to finish the process.

Report this User

Report this user for behavior that violates our Community Guidelines.

Details: